000
00294nam a2200121Ia 4500
008
211105s9999 xx 000 0 und d
020
_a
VYASA01238
100
_a
Donald Walters J
245
0
_a
Awaken To Superconsciousness
250
_a
1st
260
_b
Motilal banarsidass
_c
\N
300
_a
262
999
_c
10501
_d
10501